000 00261nam a2200097Ia 4500
001 683564
005 20250826161441.0
008 250824s9999 xx 000 0 und d
245 0 _aPİRİ REİS VE ACYİP HARİTASI
_cMETİN ÖZDAMARLAR
260 _bTİMAŞ YAYINLARI
999 _c683564
_d683564